Ganadores de Tu Cara Me Suena - Estadísticas

Estadísticas generales
  • Esta prueba ha sido intentada 24 veces
  • La puntuación promedio es 9 de 12
Estadísticas de respuestas
Hint Respuesta % Correcto
1 Angy
94%
3 Edurne
88%
12 Melani
88%
2 Roko
88%
4 Ruth Lorenzo
76%
9 Agoney
71%
5 Blas Canto
71%
11 David Bustamante
71%
10 Miriam Rodriguez
65%
6 Miquel Fernandez
59%
8 Jorge Gonzalez
53%
7 Maria Villalon
53%
No se encontraron pruebas coincidentes
Distribución de puntuación
Porcentaje de gente con cada puntuación
Porcentaje por número respondido
Historial de tus puntuaciones
No has intentado esta prueba.